Pure mathematics book 1 / (Record no. 143)

000 -LEADER
fixed length control field 01210nam a22002297a 4500
003 - CONTROL NUMBER IDENTIFIER
control field OSt
005 - DATE AND TIME OF LATEST TRANSACTION
control field 20140116120819.0
008 - FIXED-LENGTH DATA ELEMENTS--GENERAL INFORMATION
fixed length control field 111010t xxu||||| |||| 00| 0 eng d
020 ## - INTERNATIONAL STANDARD BOOK NUMBER
International Standard Book Number 9780582353862
040 ## - CATALOGING SOURCE
Transcribing agency DLC
050 ## - LIBRARY OF CONGRESS CALL NUMBER
Classification number QA37.2 .B33 1985
100 ## - MAIN ENTRY--PERSONAL NAME
Relator code Backhouse, J. K.
245 ## - TITLE STATEMENT
Title Pure mathematics book 1 /
Statement of responsibility, etc J. K. Backhouse and Houldsworth
250 ## - EDITION STATEMENT
Edition statement 4th ed.
260 ## - PUBLICATION, DISTRIBUTION, ETC. (IMPRINT)
Place of publication, distribution, etc London :
Name of publisher, distributor, etc Longman,
Date of publication, distribution, etc 1985
300 ## - PHYSICAL DESCRIPTION
Extent 587 p.
Other physical details ill.
500 ## - GENERAL NOTE
General note Includes index
505 ## - FORMATTED CONTENTS NOTE
Formatted contents note Coordinates and the straight line--- Functions---The gradient line---velocity and acceleration---Maxima and minima---Integration---Further differentiation---Further integration---Algebra---Quadratic equations and complex numbers---matrices---Permutations and combinations---Series---The binomial theorem---Vectors---The general angle and pythagora's theorem---Trigonometrical identities---Further topics in trigonometry---Derivatives of trigonometrical functions---Loci---The circle---Further topics in coordinate geomery---Variation and experimental laws---interactive methods of solving equations---Groups---Elementary algebra
650 ## - SUBJECT ADDED ENTRY--TOPICAL TERM
Source of heading or term Mathematics
700 ## - ADDED ENTRY--PERSONAL NAME
Relator code Houldsworth, S. P. T.
942 ## - ADDED ENTRY ELEMENTS (KOHA)
Source of classification or shelving scheme
Koha item type Book
Holdings
Withdrawn status Lost status Source of classification or shelving scheme Damaged status Not for loan Home library Current library Date acquired Source of acquisition Total Checkouts Total Renewals Full call number Barcode Date last seen Date checked out Copy number Price effective from Koha item type
          Riara University Library Riara University Library 10/10/2011 Purchase 22 12 QA37.2 .B33 1985 1223/11 19/02/2024 30/01/2024 C.1 10/10/2011 Book
          Riara University Library Riara University Library 10/10/2011 Purchase 20 5 QA37.2 .B33 1985 1224/11 12/10/2023 26/09/2023 C.2 10/10/2011 Book
          Riara University Library Riara University Library 10/10/2011 Purchase 23 4 QA37.2 .B33 1985 1225/11 07/12/2023 27/10/2023 C.3 10/10/2011 Book
          Riara University Library Riara University Library 10/10/2011 Purchase 14 2 QA37.2 .B33 1985 1164/11 13/10/2023 28/09/2023 C.4 10/10/2011 Book
          Riara University Library Riara University Library 10/10/2011 Purchase 13   QA37.2 .B33 1985 1165/11 20/11/2023 13/10/2023 C.5 10/10/2011 Book
          Riara University Library Riara University Library 10/10/2011 Purchase 2   QA37.2 .B33 1985 1166/11 13/07/2017 03/02/2015 C.6 10/10/2011 Book

Riara University Library,
P.O. Box 49940-00100,
Nairobi, Kenya.